|
|
|
|
| LEADER |
01942nam a2200373 a 4500 |
| 001 |
EBC982539 |
| 003 |
MiAaPQ |
| 005 |
20200520144314.0 |
| 006 |
m o d | |
| 007 |
cr cn||||||||| |
| 008 |
111208s2012 nyuabd sb 001 0 eng d |
| 010 |
|
|
|z 2011049561
|
| 020 |
|
|
|z 9781617261015 (hardback)
|
| 020 |
|
|
|a 9780203115053 (electronic bk.)
|
| 035 |
|
|
|a (MiAaPQ)EBC982539
|
| 035 |
|
|
|a (Au-PeEL)EBL982539
|
| 035 |
|
|
|a (CaPaEBR)ebr10569277
|
| 035 |
|
|
|a (CaONFJC)MIL366319
|
| 035 |
|
|
|a (OCoLC)804661936
|
| 040 |
|
|
|a MiAaPQ
|c MiAaPQ
|d MiAaPQ
|
| 043 |
|
|
|a n-us---
|
| 050 |
|
4 |
|a KF3812.2
|b .C37 2012
|
| 082 |
0 |
4 |
|a 344.7304/6342
|2 23
|
| 245 |
0 |
0 |
|a Carbon capture and sequestration
|h [electronic resource] :
|b removing the legal and regulatory barriers /
|c M. Granger Morgan ... [at al.].
|
| 260 |
|
|
|a New York :
|b RFF Press,
|c 2012.
|
| 300 |
|
|
|a xxviii, 274 p. :
|b ill. (some col.), col. map.
|
| 504 |
|
|
|a Includes bibliographical references and index.
|
| 505 |
0 |
|
|a The importance of CCS in a carbon constrained world -- Technology for carbon capture and geologic sequestration (CCS)ation -- Siting CO2 pipelines for geologic sequestration -- Permitting geological sequestration sites -- Learning from and adapting to changes in geologic sequestration technology -- Access to pore space for geological sequestration -- Liability and the management of long-term stewardship -- Greenhouse gas accounting for CCS -- Making ccs a reality -- Conclusions and recommendations.
|
| 533 |
|
|
|a Electronic reproduction. Ann Arbor, MI : ProQuest, 2015. Available via World Wide Web. Access may be limited to ProQuest affiliated libraries.
|
| 650 |
|
0 |
|a Carbon sequestration
|x Law and legislation
|z United States.
|
| 655 |
|
4 |
|a Electronic books.
|
| 700 |
1 |
|
|a Morgan, M. Granger
|q (Millett Granger),
|d 1941-
|
| 710 |
2 |
|
|a ProQuest (Firm)
|
| 856 |
4 |
0 |
|u https://ebookcentral.proquest.com/lib/matrademy/detail.action?docID=982539
|z Click to View
|